000 00413nam a22001577a 4500
003 MPLRDC
005 20220104143214.0
008 210129b ||||| |||| 00| 0 eng d
082 _a220.7 SXDY
100 _a森下大圆
245 _a观世音菩萨普门品讲话
_c释星云译
260 _a
_b国际佛光会马来西亚协会
_c1999
300 _b
650 _a佛教杂论
942 _cBK
_o220.7 SXDY
999 _c37637
_d37627